| 000 | 04238nkm0a2200469 4500 | ||
|---|---|---|---|
| 001 | RU\NLR\BIBL_A\010799332 | ||
| 005 | 20260407120556.0 | ||
| 035 | _a(NLR Aleph) 010799332 | ||
| 090 |
_a13295280 _c13295280 |
||
| 100 | _a20150707d1888 |||y0rusy50 ca | ||
| 101 | 0 | _arus | |
| 102 | _aRU | ||
| 116 | _aiiycxx bf zz | ||
| 135 | _acrcn 024anaba | ||
| 200 | 1 |
_a30 сентября 1888. Обед _bИзоматериал _e[меню] |
|
| 210 |
_aС.П.Б. [Санкт-Петербург] _cЛит. А. Ильина _d[1888] |
||
| 215 |
_a1 л. _cхромолитогр. _d40,1х24,7 |
||
| 300 | _aВнизу слева факс. подписи художника: Мезенцов | ||
| 325 | 1 | _aКопия доступна в электронной библиотеке РНБ | |
| 327 | 0 | _aМеню парадного обеда для высших военных и гражданских властей, духовенства, представителей дворянства и иностранных дипломатов во дворце в Тифлисе 30 сентября 1888 г., устроенного во время путешествия императора Александра III и императрицы Марии Федоровны на Кавказ | |
| 327 | 0 | _aТрое мужчин и женщина в национальных костюмах на фоне кавказского пейзажа; на резном деревянном портале щит с двуглавым орлом и гербы губерний: Тифлисской (в центре), Кутаисской, Елисаветпольской, Эриванской (слева), Дагестанской и Бакинской (справа) | |
| 540 | 1 | _aМеню парадного обеда для высших военных и гражданских властей, духовенства, представителей дворянства и иностранных дипломатов во дворце в Тифлисе 30 сентября 1888 г., устроенного во время путешествия императора Александра III и императрицы Марии Федоровны на Кавказ | |
| 540 | 1 | _aПутешествие их императорских величеств на Кавказ, меню обеда 30 сентября 1888 года | |
| 540 | 1 | _aТрое мужчин и женщина в национальных костюмах на фоне кавказского пейзажа; на резном деревянном портале щит с двуглавым орлом и гербы губерний: Тифлисской (в центре), Кутаисской, Елисаветпольской, Эриванской (слева), Дагестанской и Бакинской (справа) | |
| 606 | 1 |
_aНароды Кавказа _jИзоиздания _xИстория _z19 в. _92262456 _3RU\NLR\AUTH\6601586174 |
|
| 606 | 1 |
_aГербы _jИзоиздания _yРоссия _92262458 _3RU\NLR\AUTH\6601586175 |
|
| 608 |
_aМеню _xХудожественное оформление _yРоссия _z19 в. _92323547 _3RU\NLR\AUTH\661389948 |
||
| 610 | 1 | _aМеню обеда | |
| 610 | 1 | _aЭтнографические изоиздания | |
| 617 | _f18880930 | ||
| 686 | 1 | _aЩ153(2Р=Рус)53-489 | |
| 700 | 1 |
_4040 _aМезенцов _bИ. А. _gИван Александрович _9146869 _3RU\NLR\AUTH\770146905 |
|
| 712 | 0 | 2 |
_4650 _4610 _aКартографическое заведение А. А. Ильина _cПетербург _3RU\NLR\AUTH\889951985 _9399928 |
| 856 | 0 | _uhttp://vivaldi.nlr.ru/lt000070162/view | |
| 856 | 1 | _uhttp://vivaldi.nlr.ru/lt000070162/cover | |
| 856 | 2 | _uhttp://vivaldi.nlr.ru/lt000070162/text | |
| 901 | _eИзографические материалы | ||
| 942 | _cVISUAL | ||
| 980 | _aNB | ||
| 981 | 1 | 7 |
_a(17) Изографические материалы _b(17) Прикладная графика |